000 014460000a22003130004500
999 _c45264
_d45264
001 18862
003 CO-MdFUSB
005 20180622165336.0
008 160812b sp||||| |||| 00| 0 spa d
020 _a84-932411-0-5
040 _aCO-MdFUSB
_bEspañol
_cCO-MdFUSB
_dCO-MdFUSB
_erda
041 0 _aspa
082 _224
_aG 261.57
_bO988h
100 1 _aOyarbide, Miguel Angel
_eautor
245 1 0 _aHuellas del cristianismo en el arte
_b: la pintura
_c / Miguel Angel Oyarbide
264 1 _aMadrid
_b: Consejo Evangélico de Madríd
_b: Consejería de educación y cultura,
_c[2001]
264 4 _c©2001
300 _a224 páginas
_c: 25 cm.
_b:
336 _2rdacontent
_a1
_ba1
337 _2rdamedia
_a2
_b5
338 _2rdacarrier
_a2
_b5
501 _arústico
505 0 1 _aIntroducción -- El primer arte cristiano -- El cristianismo, religión oficial en un imperio dividido -- La ilustración de códices y manuscritos -- El románico. La Biblia de los pobres -- El gótico y la gloria de la iglesia -- El renacimiento. El despertar del humanismo -- La reforma protestante y el arte -- La contrarreforma: dos barrocos diferentes -- De la frivolidad a la razón: el siglo XVIII -- Arte cristiano y revolución social -- El mensaje evangélico en la pintura del siglo XX.
563 _aPasta dura.
653 _aArte cristiano -- historia
653 _aArte y religión
653 _aHistoria del arte -- Cristianismo
942 _cBK